Générique Gribouille - Paroles - Statistiques

Statistiques générales
  • Ce quiz a été pris 4 fois
  • Le résultat moyen est 7 sur 8
Statistiques - réponses
Paroles % Correct
Avec {Gribouille} La La La La
100%
Pour se faire pleins d'{amis}
100%
Viens vite on va s'{amuser}
100%
Et si tu aime le {dessin}
75%
Gribouille, c'est le plus drôle des {copains}
75%
Gribouille, tu as toujours une {idée}
75%
Pour bien nous faire {rigoler}
75%
Oui, le dessin c'est {facile}
50%
Aucun quiz correspondant
Distribution des résultats
% des personnes avec chaque résultat
Percentile par nombre de réponses
Votre historique - résultats
Vous n’avez pas pris ce quiz